000
00316nam a22001337a 4500
020
_a
81-8030-056-0
082
_a
540
_b
SET/T
100
_a
SETHI, PANKAJ
245
_a
TEACHING OF CHEMISTRY
260
_a
DELHI
_b
CAMPUS BOOKS INTERNATIONAL
_c
2004
300
_a
252
650
_a
CHEMISTRY REFERENCE
_z
INDIA
942
_c
BK
999
_c
1521
_d
1521